Quizzes
Events
Quiz Creation
Community
Videos
Private Events
Remove Ads
Sign In
Join for FREE
Feedback
Dark Mode
Quiz Categories
Sports
Geography
Music
Movies
Television
Just For Fun
Miscellaneous
History
Literature
Language
Science
Gaming
Entertainment
Religion
Holiday
For Kids
Quiz Lab
Recent
Popular Today
Quiz Kudos Today
Editor Picks
Curator Picks
Quizzes by...
Day
Popularity
Type
Ratings
Length
Year
Community
Subscriptions
Recent Discussions
Orange Saloon
Badges
Playlists
Quests
Create
Leaderboards
Showdown
Live 5
Trivia Bingo
Activity
Puzzle Library
Sporcle Events
Private Events
Virtual Trivia
Globe League
Become a Host
Pub Owners
SporcleCon
Opinionation
Our Games
Videos
Blog
Mobile Apps
Partnerships
Remove Ads and Go Orange
Feedback
Geography
Country
Landmarks
City
State
Population
World
Capital
Continent
Flags
Europe
Africa
Asia
South America
North America
Oceania
Border
Canada
United Kingdom
Topography
United States
Geography
Country
Landmarks
City
State
Population
World
Capital
Continent
Flags
Europe
Africa
Asia
South America
North America
Oceania
Border
Canada
United Kingdom
Topography
United States
Random Quiz
Search Sporcle
×
Quiz Lab
Quiz Lab
Geography
State
Type in answers that appear in a list
Type in answers that appear in a list
Classic
Best Score? Go Orange.
Communist States, Past and Present Stats
Can you name the countries that have at one point been communist??
By
PlumpPlum
10m
26 Questions
644 Plays
644 Plays
644 Plays
Comments
Comments
Give Quiz Kudos
Give Quiz Kudos
-
- Ratings
hide this ad
Replay
Link that replays current quiz
Next Quiz
Link to next quiz in quiz playlist
You Got
0%
They Got
Avg Score
74%
Avg Friend Score
Upgrade to see
Score Distribution
Jump to the score distribution portion of the page
Score
0/26
Timer
10:00
0
Plays Today
Country
% Correct
Union of Soviet Socialist Republics
96.6%
People's Republic of China
96%
Democratic People's Republic of North Korea
93.5%
Republic of Cuba
92.5%
Socialist Republic of Vietnam
92.2%
Democratic Republic of Vietnam
91%
German Democratic Republic
88.8%
People's Republic of Poland
87.9%
Lao People's Democratic Republic
87%
Socialist Federal Republic of Yugoslavia
84.9%
Socialist Republic of Romania
84.3%
People's Republic of Hungary
84%
People's Republic of Bulgaria
82.1%
Country
% Correct
Czechoslovak Socialist Republic
79.3%
People's Republic of Kampuchea
78.7%
People's Socialist Republic of Albania
75.3%
Mongolian People's Republic
75%
Democratic Republic of Afghanistan
67.1%
People's Republic of Angola
61.8%
People's Democratic Republic of Ethiopia
60.7%
People's Republic of Mozambique
53.7%
Somali Democratic Republic
53.4%
People's Democratic Republic of Yemen
49.8%
People's Republic of Benin
43.5%
People's Republic of the Congo
41%
People's Revolutionary Govenment of Grenada
29.8%
Quiz Playlist
Details
Report
Send in Message
Add To Playlist
Classic:
Type in answers that appear in a list
Last Updated: Feb 16, 2017
Quiz Scoreboard
CHALLENGE
Sign Up to Join the Scoreboard
Show All
Scores
Hide
Comments
May contain spoilers
Recently Published
Presidents Visiting Landmarks
by Hejman
History
7m
An Introduction to Baseball
by treessimontrees
Sports
5m
Movies - When Are They Set?
by FPL_Elf
Movies
5m
More to Explore
Quiz From the Vault
Featured Blog Post
Where Did the Easter Bunny Come From?
hide this ad
You Might Also Like...
Tags
Country Quiz
State Quiz
communist
Communist Nations
past
point
present
Today's Top Quizzes in Geography
Browse Geography
hide this ad
Today's Top Quizzes in State
Browse State
Top Contributed Quizzes in Geography
1
Countries of the World - No Outlines Minefield
2
Top 25 Cities of France on a map
3
Any capital of a 'B' country per Continent
4
Closest Countries to UK A-Z
5
Any capital of a 'C' country per Continent
6
One Thing in Common: United Kingdom
7
Any capital of a 'D' country per Continent
8
Find the Provinces of Canada - No Outlines Minefield
9
5-to-1: US Geography No Hints
10
Any capital of an 'E' country per Continent
Explore More
Trending Topics
Marvel
Disney
NBA
Anime
Kpop
Crossword
Harry Potter
WWE
Song
NFL
Pokémon
The Office
Puzzle
Soccer
Country
hide this ad
More By:
PlumpPlum
Quiz
Plays
Rating
Category
Featured
Created
Word Ladder: From Zero to Hero!
34,949
4.44
Just For Fun
Mar 11, 2012
Drawing a Blank Video Games
4,309
3.75
Gaming
Mar 11, 2012
Video Games in One Sentence
1,979
2.13
Gaming
Mar 12, 2012
Communist States, Past and Present
644
3.50
Geography
Mar 11, 2012
Countries with Highest Oil Consumption
397
4.75
Geography
Mar 10, 2012
Go to Creator's Profile
Score Distribution
Quiz Creator Spotlight
PlumpPlum
Follow
Send a Message
Quizzes Created
-
Created Quiz Play Count
-
More By This Creator
Popular Quizzes Today
1
Find the US States - No Outlines Minefield
2
Find the Countries of Europe - No Outlines Minefield
3
The Countries of the World
4
Find the US States
5
Popular People in 1961
6
US States
7
Risky Map Clicking: Biggest States A-Z
8
1-10 Letter E Words III
More Geography Quizzes
Begins and Ends: World Cities
Published
Trending Quizzes
Risky Map Clicking: Least Populous States A-Z
1-10 Letter G Words
1-10 Letter F Words
Risky Map Clicking: Next State Alphabetically
Risky Map Clicking: Biggest States A-Z
Recently Updated
Leaping Animals
pecheneg
Reality TV Shows (A-Z)
bhenderson79
Rickey Henderson's Hall of Fame Teammates
pecheneg
Champions League XIs: Arsenal
pecheneg
Quick Pick: Celebrities in WWE's Hall of Fame
aduchscher
A-Z Keypad Blitz II
pecheneg
Multiple Oscar Actors
pecheneg
Mystery Phrase Blitz: Oscar 'Best Actors'
pecheneg
F. Scott Fitzgerald Novels
LTH
Pick 3 Villains
ddd62291
Trending Topics
Harry Potter
Marvel
Disney
Kpop
Anime
NBA
Crossword
WWE
Soccer
NFL
The Office
Pokémon
Puzzle
Song
Country
Your Account Isn't Verified!
In order to create a playlist on Sporcle, you need to verify the email address you used during registration. Go to your
Sporcle Settings
to finish the process.
Report this User
Report this user for behavior that violates our
Community Guidelines
.
Details:
Send Report
Go to the Sporcle.com Mobile Site →
Comments